Statistiques concernant Pirates de fictions en images

Cliquez ici pour prendre le quiz!

Statistiques générales

  • Ce quiz a été pris 105 fois
  • Le résultat moyen est 3 sur 20

Statistiques - réponses

Réponse% Correct
Capitaine Crochet
98%
Rackham le Rouge
33%
Barbe Rouge
30%
Alvida
27%
Miss Fortune
23%
Edward Kenway
19%
Victor MacBernik
17%
Tetra
9%
Long John Silver
8%
Henry Avery
4%
Guybrush Threepwood
3%
James Flint
3%
Capitaine Anchois
1%
Capitaine Hardrock
1%
Coeur Noir
1%
Campbell
0%
Captain Scarlett
0%
Le Capitaine
0%
Lesedi Singh
0%
Liz la faucheuse
0%

Distribution des résultats

Percentile par nombre de réponses

% des personnes avec chaque résultat

Votre développement - résultats

Vous n’avez pas pris ce quiz